| 000 | 00670nam a2200229Ia 4500 | ||
|---|---|---|---|
| 003 | GCL | ||
| 008 | 140319s9999 xx 000 0 ara d | ||
| 040 |
_aGCL / _cGCL |
||
| 082 | 0 | 4 |
_a896.762 _bا ث |
| 100 | 1 | _aيحيى سعد | |
| 245 | 1 | 0 |
_aثلاثة كتاب سود ثلاث قصص من افريقيا السوداء / _cيحيى سعد |
| 700 | 1 | _aعلى درويش (مترجم) | |
| 700 | 1 | _aاذاموتو | |
| 700 | 1 | _aمالونجا جان | |
| 300 | _a522 ص | ||
| 490 | _a | ||
| 650 | 0 | 4 | _aالادب |
| 650 | 0 | 4 | _aالادب الافريقى |
| 650 | 0 | 4 | _aالقصة المترجمة |
| 650 | 0 | 4 | _aالقصص الافريقية |
| 942 |
_2ddc _cBK |
||
| 999 |
_c40407 _d40407 |
||